Europejskie reprezentacje, które nigdy nie grały na Euro lub MŚ - Statystyki

Ogólne statystyki
  • Ten quiz został rozwiązany 199 razy
  • Średni wynik to 14 z 18
Statystyki odpowiedzi
Reprezentacja % Poprawnych
Litwa
94%
Estonia
92%
San Marino
91%
Andora
89%
Liechtenstein
88%
Luksemburg
88%
Kosowo
84%
Białoruś
82%
Malta
82%
Mołdawia
81%
Armenia
75%
Azerbejdżan
75%
Czarnogóra
74%
Cypr
73%
Gruzja
71%
Gibraltar
67%
Kazachstan
65%
Wyspy Owcze
65%
Nie znaleziono quizów pasujących do podanych kryteriów
Rozkład punktacji
Procent ludzi z każdym wynikiem
Percentyl według liczby udzielonych odpowiedzi
Twoja historia wyników
Nie rozwiązałeś tego quizu